000257223 001__ 257223
000257223 005__ 20260412040123.0
000257223 0247_ $$aG:(GEPRIS)570467746$$d570467746
000257223 035__ $$aG:(GEPRIS)570467746
000257223 040__ $$aGEPRIS$$chttp://gepris.its.kfa-juelich.de
000257223 150__ $$aVergleichbarkeitsbasierte informative Prior-Verteilungen für Bayesianische Replikation von Strukturgleichungsmodellen (CIBR-SEM)$$y2026 -
000257223 371__ $$aDr. Aron Fink
000257223 371__ $$aDr. Christoph König
000257223 450__ $$aDFG project G:(GEPRIS)570467746$$wd$$y2026 -
000257223 5101_ $$0I:(DE-588b)2007744-0$$aDeutsche Forschungsgemeinschaft$$bDFG
000257223 680__ $$a
000257223 909CO $$ooai:juser.fz-juelich.de:1056124$$pauthority:GRANT$$pauthority
000257223 909CO $$ooai:juser.fz-juelich.de:1056124
000257223 980__ $$aG
000257223 980__ $$aAUTHORITY